Short Term Memory Test - North American Countries - Statistics

General Stats
  • This quiz has been taken 23 times
  • The average score is 8 of 10
Answer Stats
Answer % Correct
Bahamas
100%
Belize
100%
Costa Rica
100%
Dominican Republic
100%
El Salvador
100%
Grenada
100%
Haiti
100%
Honduras
100%
Nicaragua
100%
Saint Kitts and Nevis
100%
Saint Vincent and the Grenadines
100%
St Lucia
100%
United States of America
100%
Antigua and Barbuda
50%
Barbados
50%
Cuba
50%
Jamaica
50%
Panama
50%
Canada
0%
Dominica
0%
Guatemala
0%
Mexico
0%
No matching quizzes found
Score Distribution
Percent of People with Each Score
Percentile by Number Answered
Your Score History
You have not taken this quiz